Fiškálna decentralizácia ako súčasť teórie fiškálneho federalizmu

Fiškálny federalizmus. Súvislosti vzniku teórie fiškálneho federalizmu. Fiškálna decentralizácia. Tieboutov model. Ekonomická teória klubov. Fiškálna decentralizácia na Slovensku.

Salvato in:
Dettagli Bibliografici
Autore principale: Petrušková, Anna
Natura: Capitolo di libro
Lingua:slovacco
Soggetti:
Tags: Aggiungi Tag
Nessun Tag, puoi essere il primo ad aggiungerne!!

MARC

LEADER 00000naa a2200000 4500
001 0164105
005 20230918072850.4
041 0 |a slo 
044 |a SK 
245 1 0 |a Fiškálna decentralizácia ako súčasť teórie fiškálneho federalizmu  |c Anna Petrušková 
520 |a Fiškálny federalizmus. Súvislosti vzniku teórie fiškálneho federalizmu. Fiškálna decentralizácia. Tieboutov model. Ekonomická teória klubov. Fiškálna decentralizácia na Slovensku. 
610 2 0 |a Slovensko 
610 2 0 |a efektívnosť ekonomická 
610 2 0 |a samospráva regionálna 
610 2 0 |a sektor verejný 
610 2 0 |a teórie ekonomické 
610 2 0 |a decentralizácia fiškálna 
100 1 |a Petrušková, Anna